| 000 | 00942nam a22002297a 4500 | ||
|---|---|---|---|
| 999 |
_c1700 _d1700 |
||
| 003 | AR-CdUCM | ||
| 008 | 190227b ||||| |||| 00| 0 spa d | ||
| 040 |
_aMUNICIPALIDAD PROVINCIAL DEL CUSCO _cBIBLIOTECA MUNICIPAL DEL CUSCO |
||
| 082 |
_a869.7 / _bM36 |
||
| 100 |
_aMedina, José Ramón _96292 |
||
| 245 | _aAntología venezolana (verso) / | ||
| 260 |
_aMadrid : _bEdit. Gredos, _c1962. |
||
| 300 |
_a335 páginas ; _c19 cm. |
||
| 440 |
_aBibliteca románica hispánica, _nVI. Antología hispánica. _96293 |
||
| 500 | _aSerie dirigida por Dámaso Alonso. | ||
| 505 | _aContenido: Jose Antonio Ramos Sucre -- Enrique Planchart -- Fernando Paz Castillo -- Félix Armando Nuñez -- Adrés Eloy Blanco -- Luis Barrios Cruz --Rodolfo Moleiro -- Ángel Miguel Quereme -- José Ramón Heredia ... | ||
| 650 |
_aLiteratura venezolana _96294 |
||
| 650 |
_aPoesía _9139 |
||
| 650 |
_aColecciones _9607 |
||
| 942 |
_2ddc _cLIBROS |
||
| 945 | _azta | ||